| LEADER 01174nam 2200277 a 4500 |
| 001 13399124990 |
| 003 ULIBM |
| 008 030417s2553 th a sb 001 0 tha |
| 099 ^aว ผม.มธ. 30 2553 |
| 100 0 ^aยุรร์วร สิริพัชรงค์กูร. |
| 245 10 ^aการประเมินศักยภาพการให้บริการของสวนสาธารณะในเขตเมืองชั้นใน กรุงเทพมหานคร :^bกรณีศึกษาสวนสันติภาพ /^cยุรร์วร สิริพัชรงค์กูร. |
| 246 ^aEvaluation of public park service ability in inner city of Bangkok for sustainable development: case study of Santiphab Park /^cYuravra Siripatcharongkool |
| 260 ^aกรุงเทพฯ :^bมหาวิทยาลัยธรรมศาสตร์,^c2553. |
| 300 ^a22, 281 แผ่น. |
| 500 ^aวิทยานิพนธ์ การผังเมืองบัณฑิต, 2553. |
| 650 4 ^aสวนสาธารณะ^xการบริหาร. |
| 710 0 ^aภาวิณี เอี่ยมตระกูล, ^eอาจารย์ที่ปรึกษา. |
| 856 ^uhttps://digital.library.tu.ac.th/tu_dc/frontend/Info/item/dc:339117 ^zเอกสารฉบับเต็ม (ดูรายบทคลิกที่ Bookmarks) |
| 913 ^aImported by ULIBM Administrator |
| 949 ^aImport form external file by ULIBM system |